000 nam a22 7a 4500
999 _c7685
_d7685
008 170928b xxu||||| |||| 00| 0 eng d
100 _aSawyer W W
_94174
245 _aMathematics in theory and pactice
260 _alondon
_bOdhams press